000 00639nam a2200181 a 4500
001 000008580
005 20200929161351.0
008 090917s199u dr a 000 0 spa d
040 _aDO-SdBNP
082 _a808.86
_bP944d
100 1 _aPérez Núñez, Bruno Ant.
_d1936-
_922991
245 1 3 _aDe Narciso González a Bruno Ant. Pérez Núñez /
_cBruno Ant. Pérez Núñez.
260 _aCotui, República Dominicana :
_bLas Mellizas,
_c199?.
300 _a122 p. :
_bil. ;
_c21 cm.
500 _aIncluye datos biográficos del autor en la solapa de la cubierta
650 4 _aCritíca literaria
_zRepública Dominicana
_96288
049 _aBNPD
999 _c8350
_d8350